000 00561cam a22002053a 4500
001 35518
003 PGUSA
005 20140828083750.0
008 110307s2011||||xxu|||||s|||||000 | eng d
040 _aPGUSA
_beng
042 _adc
100 1 _aLeverage, Henry,
_d1885-
245 1 4 _aThe Ice Pilot
_h[electronic resource] /
_cHenry Leverage
260 _bProject Gutenberg,
_c2011
506 _aPublic domain in the USA.
516 _aElectronic text
830 0 _aProject Gutenberg
_v35518
856 4 0 _uhttp://www.gutenberg.org/ebooks/35518
942 _cEB
999 _c264773
_d264773